Blake's 7 Actor Match Quiz Stats

 Plays Quiz not verified by Sporcle

Score 0/12 Timer 04:00
0 Plays Today
% Correct
Brian Croucher
63%
David Jackson
58%
Gareth Thomas
57%
Peter Tuddenham
55%
Glynis Barber
53%
Sally Knyvette
52%
Paul Darrow
52%
Jacqueline Pearce
52%
Josette Simon
48%
Jan Chappell
46%
Steven Pacey
46%
Michael Keating
45%

You're not logged in!

Compare scores with friends on all Sporcle quizzes.
OR
Log In

Show Comments

Extras

Top Quizzes Today


Score Distribution

Your Account Isn't Verified!

In order to create a playlist on Sporcle, you need to verify the email address you used during registration. Go to your Sporcle Settings to finish the process.

Report this User

Report this user for behavior that violates our Community Guidelines.

Details: